Los sindicatos y la desarticulación de la clase obrera /
Guardat en:
| Autor principal: | |
|---|---|
| Format: | Text |
| Etiquetes: |
Afegir etiqueta
Sense etiquetes, Sigues el primer a etiquetar aquest registre!
|
MARC
| LEADER | 00000 a a2200000 04500 | ||
|---|---|---|---|
| 001 | 16440 | ||
| 003 | |||
| 040 | |||
| 100 | |a Hyman, Richard | ||
| 245 | |a Los sindicatos y la desarticulación de la clase obrera / |c Richard Hyman | ||
| 773 | |g volumen 2, número 4; páginas 9-28 | ||
| 999 | |c 32565 |d 32565 | ||
